[Event "N4 - ST Dizier / Reims"]
[Site "?"]
[Date "2014.12.12"]
[Round "2.4"]
[White "Nawara, A."]
[Black "Talbot, Rémi"]
[Result "1-0"]
[WhiteElo "1765"]
[BlackElo "1770"]
[PlyCount "75"]
[EventDate "2014.11.19"]
[SourceDate "2014.12.12"]

1. d4 Nf6 2. Bf4 d5 3. e3 Bf5 4. Bd3 Bxd3 5. Qxd3 c6 6. a3 e6 7. Nf3 Nbd7 8.
Nc3 Be7 9. h4 h6 10. Be5 Qa5 11. Nd2 a6 12. Nb3 Qd8 13. Qe2 Rc8 14. e4 c5 15.
Bxf6 Bxf6 16. exd5 O-O 17. dxe6 fxe6 18. Qxe6+ Kh8 19. O-O-O cxd4 20. Nxd4 Bxh4
21. Nf3 Bg5+ 22. Kb1 Nc5 23. Qg4 Qf6 24. Nxg5 Qxf2 25. Ne6 Nxe6 26. Qxe6 Qxg2
27. Rdg1 Qd2 28. Qe7 Rg8 29. Qxb7 Rb8 30. Qc7 Rbc8 31. Qe5 Rce8 32. Qg3 Rc8 33.
Rg2 Qd7 34. Ne2 Rb8 35. Nf4 Qb7 36. Qc3 Rbc8 37. Ng6+ Kh7 38. Qd3 1-0

[Event "N4 - ST Dizier / Reims"]
[Site "?"]
[Date "2014.12.12"]
[Round "2.5"]
[White "Fister, Bernard"]
[Black "Jouniaux, Quentin"]
[Result "0-1"]
[WhiteElo "1520"]
[BlackElo "1688"]
[PlyCount "80"]
[EventDate "2014.11.19"]
[SourceDate "2014.12.12"]

1. f4 d5 2. Nf3 Nf6 3. b3 c5 4. e3 Nc6 5. Bb5 Qb6 6. Bxc6+ bxc6 7. Bb2 Ba6 8.
Nc3 Qc7 9. Na4 e6 10. Ne5 Be7 11. d3 Rd8 12. Ba3 Bb5 13. Bxc5 Bxa4 14. Bxe7
Qxe7 15. bxa4 Qb4+ 16. Qd2 Qxa4 17. Qc3 Rc8 18. Qc5 Qa6 19. O-O Qb6 20. Qxb6
axb6 21. Rfb1 b5 22. a4 bxa4 23. Rxa4 O-O 24. Ra7 c5 25. g4 h6 26. g5 hxg5 27.
fxg5 Nh7 28. h4 Ra8 29. Rc7 Ra4 30. c4 dxc4 31. dxc4 Ra3 32. Kf2 f6 33. gxf6
Nxf6 34. Ke2 Ne4 35. Rxg7+ Kxg7 36. Rg1+ Kh7 37. Ng4 Ra2+ 38. Kd3 Nf2+ 39. Nxf2
Rfxf2 40. Rg5 Rf5 0-1

[Event "N4 - ST Dizier / Reims"]
[Site "?"]
[Date "2014.12.12"]
[Round "2.6"]
[White "Benkirane, Nabil"]
[Black "Laurain, Hery Dominic"]
[Result "1-0"]
[WhiteElo "1642"]
[BlackElo "1550"]
[PlyCount "41"]
[EventDate "2014.11.19"]
[SourceDate "2014.12.12"]

1. d4 Nf6 2. Nf3 g6 3. c4 d6 4. Nc3 Bg7 5. e4 c5 6. d5 O-O 7. Bd3 Nbd7 8. O-O
Nb6 9. h3 Nfd7 10. Be3 Ne5 11. Nxe5 Bxe5 12. Bh6 Bg7 13. Bxg7 Kxg7 14. f4 e6
15. f5 exf5 16. exf5 Qg5 17. f6+ Kg8 18. Qf3 Nd7 19. Ne4 Qe5 20. Qe3 Nb6 21.
Qh6 1-0

[Event "N4 - ST Dizier / Reims"]
[Site "?"]
[Date "2014.12.12"]
[Round "2.7"]
[White "Lemoine, J.Claude"]
[Black "Amoros, pierre"]
[Result "0-1"]
[WhiteElo "1399"]
[BlackElo "1642"]
[PlyCount "100"]
[EventDate "2014.11.19"]
[SourceDate "2014.12.12"]

1. e4 d5 2. exd5 Qxd5 3. Nc3 Qa5 4. d4 c6 5. Bd2 Qc7 6. Be2 Bf5 7. Nf3 e6 8.
Nh4 Ne7 9. Qc1 Nd7 10. Nf3 Ng6 11. Nd1 Be7 12. Ne3 Be4 13. Bc3 Bxf3 14. Bxf3
Nf6 15. Bd2 Rd8 16. c3 Nf4 17. Qc2 N4d5 18. Nc4 O-O 19. O-O-O b5 20. Ne5 Nd7
21. Nd3 a5 22. Rhe1 Rc8 23. Be4 N7f6 24. Ne5 Nxe4 25. Rxe4 c5 26. dxc5 Bxc5 27.
Rh4 Nf6 28. Ng4 Rfd8 29. Nxf6+ gxf6 30. Qxh7+ Kf8 31. Bh6+ Ke7 32. Rxd8 Rxd8
33. Qc2 Qe5 34. Qe4 Qd6 35. Qc2 Bxf2 36. Rh3 Qd5 37. Rf3 Qxa2 38. Rxf2 Qa1+ 39.
Qb1 Rd1+ 40. Kxd1 Qxb1+ 41. Bc1 Qd3+ 42. Rd2 Qf1+ 43. Kc2 a4 44. h4 Qf5+ 45.
Kd1 Qg4+ 46. Ke1 Qxh4+ 47. Kf1 Qh1+ 48. Kf2 Qxc1 49. Re2 a3 50. bxa3 Qxa3 0-1

[Event "N4 - ST Dizier / Reims"]
[Site "?"]
[Date "2014.12.12"]
[Round "2.8"]
[White "Francois, Gwladys"]
[Black "Peteuil, Camille"]
[Result "1-0"]
[WhiteElo "1528"]
[BlackElo "1470"]
[PlyCount "49"]
[EventDate "2014.11.19"]
[SourceDate "2014.12.12"]

1. e4 e5 2. Nf3 Nc6 3. d4 exd4 4. Nxd4 Bc5 5. Be3 d6 6. Nxc6 Qh4 7. Bxc5 dxc5
8. Na5 Be6 9. Nc3 Rb8 10. g3 Qf6 11. Nb3 Rd8 12. Qe2 Nh6 13. Nxc5 Bc8 14. Bg2
O-O 15. O-O Rfe8 16. Qf3 Qb6 17. Nb3 Ng4 18. h3 Nh6 19. Rad1 Rxd1 20. Rxd1 Qg6
21. Qf4 Qh5 22. g4 Bxg4 23. hxg4 Nxg4 24. Bf3 g5 25. Qxg4 1-0

[Event "N4 Bayard / Blagny"]
[Site "?"]
[Date "2014.12.14"]
[Round "3.1"]
[White "Boillon, Vincent"]
[Black "Fourcart, Maxence"]
[Result "1/2-1/2"]
[WhiteElo "2072"]
[BlackElo "2061"]
[PlyCount "73"]
[EventDate "2014.12.14"]
[SourceDate "2014.12.14"]

1. d4 d5 2. c4 c6 3. Nc3 Nf6 4. Nf3 a6 5. c5 Bf5 6. Qb3 Qc8 7. Bf4 Nbd7 8. h3
g6 9. g4 Be4 10. Rg1 Bxf3 11. exf3 e5 12. dxe5 Nxc5 13. Qc2 Nfd7 14. Bg3 Bg7
15. O-O-O O-O 16. f4 Re8 17. h4 b5 18. h5 b4 19. hxg6 hxg6 (19... bxc3 20.
gxh7+ Kh8 21. Qxc3 Ne4 22. Qc2) 20. Ne2 b3 21. axb3 Qb7 22. Nd4 Rab8 23. Bd3
Nxb3+ 24. Nxb3 Qxb3 25. Qxb3 Rxb3 26. Bc2 Rb4 27. Rge1 Nc5 28. Re3 Reb8 29. Rc3
R8b5 30. f3 d4 31. Ra3 Rc4 32. Kb1 Bf8 33. Bf2 d3 34. Raxd3 Nxd3 35. Bxd3 Rxf4
36. Bxb5 axb5 37. Rd8 1/2-1/2

[Event "N4 Bayard / Blagny"]
[Site "?"]
[Date "2014.12.14"]
[Round "3.3"]
[White "George, Michael"]
[Black "Fourcart, Marc"]
[Result "1-0"]
[WhiteElo "1993"]
[BlackElo "1729"]
[Annotator ",marc"]
[PlyCount "89"]
[EventDate "2014.12.14"]
[SourceDate "2014.12.14"]

1. Nf3 Nf6 2. g3 g6 3. Bg2 Bg7 4. O-O O-O 5. d4 d5 6. c4 c5 7. dxc5 dxc4 8. Qc2
Nc6 9. Qxc4 Be6 10. Qb5 Qa5 (10... Ne4 11. Qxb7 Rc8) 11. Qxa5 Nxa5 12. Nc3 Nd5
13. Nxd5 Bxd5 14. Nd2 Bxg2 15. Kxg2 Rac8 16. Rb1 Nc6 17. b4 Rfd8 18. Nf3 Bc3
19. a3 Nd4 20. Nxd4 Bxd4 21. Bb2 b6 22. Bxd4 Rxd4 23. cxb6 axb6 24. Rfc1 Rdc4
25. Rxc4 Rxc4 26. a4 f6 27. Kf3 Kf7 28. Ke3 Ke6 29. a5 bxa5 30. bxa5 Ra4 31.
Rb6+ Kd5 32. a6 Ra3+ 33. Kf4 Ra4+ 34. Kf3 f5 35. h3 e5 36. e3 Kc5 37. Rf6 Kd5
38. h4 e4+ 39. Kf4 Ra2 40. Kg5 Ke5 41. Rb6 Rxf2 42. Rb5+ Kd6 43. Ra5 Rg2 44. a7
Rxg3+ 45. Kf6 1-0

[Event "N4 Bayard / Blagny"]
[Site "?"]
[Date "2014.12.14"]
[Round "3.2"]
[White "Hanot, Wilfried"]
[Black "Marte, Sébastien"]
[Result "0-1"]
[WhiteElo "1811"]
[BlackElo "2051"]
[Annotator ",marc"]
[PlyCount "74"]
[EventDate "2014.12.14"]
[SourceDate "2014.12.14"]

1. b4 d5 2. Bb2 Nf6 3. Nf3 e6 4. b5 c5 5. e3 Bd6 6. c4 O-O 7. d3 Nbd7 8. Nbd2
b6 9. Be2 Bb7 10. O-O Qe7 11. Qc2 Bc7 12. g3 Rfd8 13. Rfe1 Rac8 14. Bf1 dxc4
15. dxc4 e5 16. e4 Nf8 17. a4 N6d7 18. Bh3 Ne6 19. Nb3 Ra8 20. a5 Nd4 21. Bxd4
exd4 22. a6 Bc8 23. Bg2 Rb8 24. Nc1 f6 25. Nd3 Ne5 26. Nfxe5 fxe5 27. f3 Be6
28. Rf1 Rf8 29. Rae1 Qf7 30. Rc1 Qh5 31. Rce1 Rf6 32. Rf2 Rbf8 33. Ref1 Qf7 34.
Rc1 h5 35. Rff1 g5 36. Nb2 g4 37. Qe2 (37. fxg4 hxg4 38. Rxf6 Qxf6 39. Rf1 Qh6
40. Rxf8+) 37... gxf3 0-1

[Event "N4 Bayard / Blagny"]
[Site "?"]
[Date "2014.12.14"]
[Round "3.4"]
[White "Romain, Adeline"]
[Black "Delmont, Jean Robert"]
[Result "1/2-1/2"]
[WhiteElo "1660"]
[BlackElo "1961"]
[PlyCount "95"]
[EventDate "2014.12.14"]
[SourceDate "2014.12.14"]

1. d4 Nf6 2. Nf3 c5 3. e3 g6 4. Bd3 Bg7 5. O-O O-O 6. Nbd2 cxd4 7. exd4 Nc6 8.
c3 d6 9. Nc4 Bg4 10. h3 Bd7 11. Re1 Re8 12. Bg5 Rc8 13. Qd2 Be6 14. Ne3 d5 15.
Rad1 Qa5 16. b4 Qc7 17. Nf1 a6 18. a3 Nb8 19. Rc1 Nbd7 20. N1h2 Nb6 21. Qc2 Nc4
22. Bxc4 Qxc4 23. Ne5 Qb5 24. f3 Nd7 25. Bf4 Nxe5 26. Bxe5 Bf5 27. Qd2 Qd3 28.
Qxd3 Bxd3 29. Bxg7 Kxg7 30. Ng4 Bf5 31. Ne3 Be6 32. Kf2 Rc7 33. Re2 Rec8 34.
Rec2 g5 35. g4 Kg6 36. Nd1 h5 37. Ke3 hxg4 38. hxg4 Rh8 39. Rf2 Rh3 40. Ke2 f5
41. gxf5+ Bxf5 42. Ne3 Be6 43. Kd2 Rc8 44. Rg1 Kh5 45. a4 Rf8 46. Ke2 Rc8 47.
Kd2 (47. Rfg2 Rg8) 47... Rf8 48. Ke2 1/2-1/2

[Event "N4 Bayard / Blagny"]
[Site "?"]
[Date "2014.12.14"]
[Round "3.6"]
[White "Chebridon, Jean Louis"]
[Black "Barreaud, Samuel"]
[Result "1/2-1/2"]
[WhiteElo "1499"]
[BlackElo "1802"]
[Annotator ",marc"]
[PlyCount "81"]
[EventDate "2014.12.14"]
[SourceDate "2014.12.14"]

1. b3 d5 2. Bb2 c5 3. e3 Nc6 4. Nf3 Bg4 5. Be2 Nf6 6. O-O e6 7. d4 Qc7 8. Nbd2
Bd6 9. h3 Bh5 10. dxc5 Bxc5 11. Nd4 Bg6 12. Nxc6 Qxc6 13. Nf3 Be7 14. c4 dxc4
15. Bxc4 O-O 16. Ne5 Qb6 17. Nxg6 hxg6 18. Qf3 Rac8 19. Rad1 Rc6 (19... Rxc4
20. Bxf6 Rc7 21. Bd4 Qa5) 20. Bxf6 Bxf6 21. Rd7 Rfc8 22. Rfd1 R8c7 23. Qf4 Qc5
24. R1d6 b5 25. Rxc6 Rxc6 26. Qb8+ Rc8 27. Qxb5 Qxb5 28. Bxb5 a5 29. Bc4 Rd8
30. Rxd8+ Bxd8 31. Kf1 Be7 32. e4 Bb4 33. Ke2 Kf8 34. e5 Ke7 35. f4 f5 36. Kf3
Kf7 37. h4 Be7 38. g3 Bc5 39. g4 Be7 40. gxf5 gxf5 41. h5 1/2-1/2

[Event "N4 Bayard / Blagny"]
[Site "?"]
[Date "2014.12.14"]
[Round "3.5"]
[White "Aubriet, Laurent"]
[Black "Baret, Benoit"]
[Result "1-0"]
[WhiteElo "1919"]
[BlackElo "1694"]
[PlyCount "67"]
[EventDate "2014.12.14"]
[SourceDate "2014.12.14"]

1. d4 Nf6 2. c4 g6 3. Nc3 d5 4. Bf4 c6 5. e3 Bg7 6. Nf3 O-O 7. Qb3 e6 8. h3
Nbd7 9. Be2 dxc4 10. Bxc4 Nb6 11. Be2 Qe7 12. O-O Rd8 13. Rac1 Nfd5 14. Bg3 f5
15. Rfd1 Kh8 16. Ne5 Nd7 17. Nc4 N7b6 18. Nxd5 Nxd5 19. Ne5 Nf6 20. Bh4 Qe8 21.
Bc4 b5 22. Be2 Bd7 23. Bf3 Rdc8 24. Rc5 Nd5 25. Bxd5 cxd5 26. Nxd7 Qxd7 27.
Rxb5 Bf8 28. Rb7 Qe8 29. Bf6+ Kg8 30. Be5 Rd8 31. Rc1 Rd7 32. Rxd7 Qxd7 33. Rc7
Qd8 34. Qb7 1-0

[Event "N4 Bayard / Blagny"]
[Site "?"]
[Date "2014.12.14"]
[Round "3.7"]
[White "Beaudiot, Alain"]
[Black "Vega, Emmanuel"]
[Result "0-1"]
[WhiteElo "1572"]
[BlackElo "1738"]
[PlyCount "121"]
[EventDate "2014.12.14"]
[SourceDate "2014.12.14"]

1. e4 c5 2. Nf3 e6 3. d4 cxd4 4. Nxd4 a6 5. Nc3 b5 6. a3 Bb7 7. Bd3 d6 8. O-O
Nf6 9. Be3 Be7 10. f4 Qc7 11. Qe2 O-O 12. Rae1 Nc6 13. Nxc6 Bxc6 14. Bf2 Qb7
15. Bg3 Rac8 16. e5 dxe5 17. fxe5 Bc5+ 18. Bf2 Bxf2+ 19. Rxf2 Nd5 20. Nxd5 Bxd5
21. Qh5 g6 22. Qg5 Qb6 23. h4 Qd8 24. Rf6 Bc4 25. Bxc4 Qd4+ 26. Qe3 Rxc4 27.
Qxd4 Rxd4 28. h5 Rd2 29. Rf2 Rfd8 30. hxg6 hxg6 31. Kf1 R8d5 32. Rxd2 Rxd2 33.
Re2 Rd5 34. Kf2 Kg7 35. Kf3 f6 36. exf6+ Kxf6 37. b3 Rd4 38. c3 Rd3+ 39. Re3
Rxe3+ 40. Kxe3 Ke5 41. g3 Kd5 42. Kf4 e5+ 43. Ke3 g5 44. g4 a5 45. Kd3 e4+ 46.
Ke3 Ke5 47. c4 bxc4 48. bxc4 Kd6 49. Kxe4 Kc5 50. Kf5 Kxc4 51. Kxg5 Kb3 52. Kf5
Kxa3 53. g5 Kb3 54. g6 a4 55. g7 a3 56. g8=Q+ Kb2 57. Qb8+ Ka1 58. Qe5+ Kb1 59.
Qe1+ Kb2 60. Qb4+ Ka2 61. Ke4 0-1

[Event "N4  E AUBOIS- TOUR DU ROI"]
[Site "?"]
[Date "2014.12.14"]
[Round "3"]
[White "Fauchart, francois"]
[Black "Guillaume, Jean-Francois"]
[Result "1-0"]
[WhiteElo "1693"]
[BlackElo "1810"]
[PlyCount "129"]
[EventDate "2013.02.10"]
[SourceDate "2014.12.14"]

1. d4 Nc6 2. Nf3 d6 3. Bf4 Nf6 4. h3 g6 5. e3 Bg7 6. Nbd2 O-O 7. Be2 Nd7 8. c3
e5 9. Bh2 a6 10. O-O h6 11. Bc4 Kh7 12. Bd5 Ne7 13. Bb3 Nc6 14. Qb1 Qe8 15. Re1
f5 16. dxe5 Ndxe5 17. Nd4 Bd7 18. f4 Nf7 19. Bg3 Qe7 20. Qd3 Qf6 21. N2f3 Nxd4
22. exd4 g5 23. Re2 gxf4 24. Bxf4 Ng5 25. Nxg5+ hxg5 26. Bg3 Kh8 27. Rae1 Rae8
28. Qf3 Rxe2 29. Rxe2 f4 30. Qh5+ Bh6 31. Bf2 c6 32. Bc2 Kg7 33. Ba4 Bf5 34.
Bc2 Bxc2 35. Rxc2 Qg6 36. Qxg6+ Kxg6 37. Re2 Kf6 38. b3 Rf7 39. c4 Re7 40. Kf1
Rxe2 41. Kxe2 Kf5 42. Kf3 Bg7 43. Bg1 Bf6 44. Bf2 Bd8 45. b4 b5 46. c5 dxc5 47.
dxc5 Bf6 48. Be1 Bd4 49. Ke2 Ke4 50. Bd2 Bb2 51. Be1 Kd4 52. Kf3 Kc4 53. Kg4
Bc1 54. Kf5 Kd5 55. Bc3 Kc4 56. Be1 Kd5 57. Kf6 Be3 58. Ke7 Bd4 59. Kd7 a5 60.
bxa5 Bxc5 61. Kc7 Bd4 62. a6 b4 63. Bxb4 Kc4 64. Be7 Kb5 65. Kb7 1-0

[Event "N4  E AUBOIS- TOUR DU ROI"]
[Site "?"]
[Date "2014.12.14"]
[Round "3"]
[White "Roussel, jean-marc"]
[Black "Roule, Nicolas"]
[Result "0-1"]
[WhiteElo "1714"]
[BlackElo "1628"]
[PlyCount "152"]
[EventDate "2013.02.10"]
[SourceDate "2014.12.14"]

1. d4 d5 2. c4 e6 3. Nf3 Nf6 4. g3 Be7 5. Bg2 Nc6 6. b3 dxc4 7. bxc4 Bb4+ 8.
Bd2 O-O 9. Bxb4 Nxb4 10. a3 Nc6 11. Nc3 Re8 12. O-O Qe7 13. e3 Rb8 14. Qc2 h6
15. h3 b6 16. Rfd1 Bb7 17. Nd2 Red8 18. Nb3 Qd7 19. c5 Ne7 20. Bxb7 Rxb7 21.
Rac1 Rbb8 22. Qe2 Qc6 23. e4 Rd7 24. cxb6 Qxb6 25. Nc5 Rdd8 26. Qc4 Qc6 27. Qa4
Rb2 28. Qxc6 Nxc6 29. d5 exd5 30. exd5 Ne7 31. d6 cxd6 32. N5e4 Nxe4 33. Nxe4
d5 34. Nd2 Rb7 35. Rc5 Rbd7 36. Kf1 Nc8 37. Ke2 Nb6 38. Rdc1 d4 39. Kd3 g6 40.
Rc7 Kg7 41. Rxd7 Rxd7 42. Nf3 Kf6 43. Rc6+ Ke7 44. Nxd4 Ke8 45. Kc3 Na4+ 46.
Kd3 Nb2+ 47. Kc3 Nd1+ 48. Kc4 Nxf2 49. h4 Ne4 50. Rc8+ Ke7 51. Kd3 Nxg3 52. Kc3
Ne4+ 53. Kd3 Nf2+ 54. Ke3 Ng4+ 55. Ke4 f5+ 56. Kd3 Ne5+ 57. Ke3 Ng4+ 58. Kd3
Kf6 59. Kc4 g5 60. hxg5+ hxg5 61. Rf8+ Rf7 62. Rc8 Ne5+ 63. Kb5 g4 64. Ne2 Kg7
65. Nf4 Kh6 66. Rh8+ Rh7 67. Re8 Nf3 68. Re6+ Kg5 69. Ne2 g3 70. Re8 f4 71. a4
Rf7 72. Ka6 Nh2 73. Kb5 Kg4 74. Rg8+ Kf3 75. Nd4+ Kf2 76. Rxg3 fxg3 0-1

[Event "N4  E AUBOIS- TOUR DU ROI"]
[Site "?"]
[Date "2014.12.14"]
[Round "3"]
[White "Ferrand, Christophe"]
[Black "Pytel, Bozena"]
[Result "1/2-1/2"]
[WhiteElo "1897"]
[BlackElo "1929"]
[PlyCount "135"]
[EventDate "2013.02.10"]
[SourceDate "2014.12.14"]

1. e4 e5 2. Nf3 Nc6 3. d4 exd4 4. Nxd4 Qh4 5. Nb5 Qxe4+ 6. Be2 Bb4+ 7. N1c3
Bxc3+ 8. bxc3 Kd8 9. O-O a6 10. Bf3 Qf5 11. Nd4 Nxd4 12. cxd4 Nf6 13. c4 d6 14.
Re1 Re8 15. Rxe8+ Nxe8 16. Qb3 Rb8 17. c5 Qe6 18. Qd1 d5 19. Bf4 Bd7 20. Qd2 f6
21. Re1 Qf7 22. h4 g6 23. Qb4 h5 24. a4 Bc6 25. g4 Ng7 26. Qb3 Kd7 27. a5 Rh8
28. g5 fxg5 29. Bxg5 Nf5 30. Qd1 Re8 31. Rxe8 Qxe8 32. Bg2 Qe6 33. Bh3 Bb5 34.
Bf4 Qe2 35. Qxe2 Bxe2 36. Bxf5+ gxf5 37. Kh2 Kc6 38. Kg3 b6 39. cxb6 cxb6 40.
axb6 Kxb6 41. Bd6 Kc6 42. Be5 Kd7 43. Kf4 Ke6 44. Bc7 Bd3 45. Kg5 Be2 46. Kf4
Bg4 47. Ba5 Bd1 48. Bb4 Kf6 49. Ba5 Bc2 50. Bb4 Be4 51. Ba5 Ke6 52. Kg5 Bf3 53.
Kf4 Be2 54. Bb4 Bg4 55. Ba5 Be2 56. Bb4 Kf6 57. Ba5 Bd3 58. Bb4 Ke6 59. Kg5 Be2
60. Kf4 Bg4 61. Ba5 Kf6 62. Bb4 Ke6 63. Ba5 Be2 64. Bb4 Bb5 65. Kg5 Be8 66. Ba5
Bf7 67. Bb4 Be8 68. Ba5 1/2-1/2

[Event "N4  E AUBOIS- TOUR DU ROI"]
[Site "?"]
[Date "2014.12.14"]
[Round "3"]
[White "Roule, Alexandre"]
[Black "Roussel, Julien"]
[Result "0-1"]
[WhiteElo "1733"]
[BlackElo "1740"]
[Annotator ",Fifi"]
[PlyCount "76"]
[EventDate "2013.02.10"]
[SourceDate "2014.12.14"]

1. e4 d6 2. Nf3 g6 3. d4 Bg7 4. Be3 Nf6 5. Nc3 O-O 6. Bc4 a6 7. O-O b5 8. Bb3
Bb7 9. d5 b4 10. Ne2 Nxe4 11. Qd3 Nc5 12. Bxc5 dxc5 13. Rab1 Nd7 14. c4 Nf6 15.
Qe3 Qd6 16. h3 a5 17. Ba4 Nd7 18. Bxd7 Qxd7 19. Qxc5 c6 20. dxc6 Qxc6 21. Qxc6
Bxc6 22. Ned4 Be4 23. Rbd1 Rac8 24. b3 Rfd8 25. Rfe1 e5 26. Nb5 Bc2 27. Rd6
Rxd6 28. Nxd6 Rc6 29. Nb7 a4 30. Rc1 axb3 31. axb3 Bxb3 32. Na5 Bxc4 33. Rxc4
Ra6 34. Nb3 Ra3 35. Rxb4 Ra2 36. Nfd2 Rb2 37. Rb8+ Bf8 38. Re8 f6 {Tombé} 0-1

[Event "N4  E AUBOIS- TOUR DU ROI"]
[Site "?"]
[Date "2014.12.14"]
[Round "3"]
[White "Halfaoui, Edine"]
[Black "hascher, Nicolas"]
[Result "1-0"]
[WhiteElo "1935"]
[BlackElo "1941"]
[PlyCount "56"]
[EventDate "2013.02.10"]
[SourceDate "2014.12.14"]

1. d4 Nf6 2. Nf3 d5 3. Bf4 e6 4. e3 c5 5. c3 Nc6 6. Bd3 Be7 7. Nbd2 Bd7 8. Ne5
h6 9. O-O g5 10. Nxc6 Bxc6 11. Be5 g4 12. dxc5 Bxc5 13. b4 Bd6 14. Bxd6 Qxd6
15. b5 Bd7 16. c4 h5 17. cxd5 exd5 18. Rc1 h4 19. e4 Kf8 20. exd5 Qxd5 21. Bc4
Qf5 22. Qb3 Re8 23. Bxf7 Re2 24. Bc4 Rxd2 25. Qb4+ Kg7 26. Qxd2 h3 27. Rfe1 g3
28. Re7+ Kg6 1-0

[Event "N4  E AUBOIS- TOUR DU ROI"]
[Site "?"]
[Date "2014.12.14"]
[Round "3"]
[White "Louis, Andre"]
[Black "Prost, Catherine"]
[Result "1-0"]
[WhiteElo "1682"]
[BlackElo "1280"]
[PlyCount "68"]
[EventDate "2013.02.10"]
[SourceDate "2014.12.14"]

1. e4 e6 2. d4 d5 3. e5 c5 4. c3 Qb6 5. a3 Bd7 6. Nf3 Bb5 7. Be2 Bxe2 8. Qxe2
Nc6 9. O-O cxd4 10. cxd4 Nge7 11. Rd1 Nf5 12. Be3 Nxe3 13. fxe3 Be7 14. Nc3 O-O
15. b4 Rfc8 16. Rac1 a6 17. Rc2 Rc7 18. Rdc1 Rac8 19. Na4 Qa7 20. Nc5 Bxc5 21.
Rxc5 Qb8 22. Qd2 Ne7 23. Kf2 Rxc5 24. bxc5 Nc6 25. Rb1 Rc7 26. Rb6 h6 27. Ne1
Qa7 28. Nc2 Rd7 29. Qe1 Ne7 30. Qb1 Nc6 31. Nb4 Nxb4 32. Qxb4 Qa8 33. c6 Qd8
34. cxd7 Qh4+ 1-0

[Event "N4  E AUBOIS- TOUR DU ROI"]
[Site "?"]
[Date "2014.12.14"]
[Round "3"]
[White "Guerin, Patrick"]
[Black "Shaverdashvili, Irakli"]
[Result "1/2-1/2"]
[WhiteElo "1690"]
[BlackElo "1996"]
[PlyCount "143"]
[EventDate "2013.02.10"]
[SourceDate "2014.12.14"]

1. e4 c5 2. c3 e6 3. d4 d5 4. e5 Nc6 5. Nf3 cxd4 6. cxd4 Bb4+ 7. Nc3 h6 8. a3
Bxc3+ 9. bxc3 Nge7 10. Bd3 O-O 11. O-O a6 12. Bd2 Bd7 13. Qc1 h5 14. Bh6 f6 15.
exf6 Rxf6 16. Bxg7 Kxg7 17. Qg5+ Ng6 18. Qxh5 Qh8 19. Qg4 Rg8 20. Ne5 Be8 21.
Qg5 Kf8 22. Bxg6 Nxe5 23. Qxe5 Rfxg6 24. Qd6+ Kf7 25. Qc7+ Kf6 26. Qe5+ Ke7 27.
Qxh8 Rxh8 28. Rfe1 Bb5 29. Re3 Kd6 30. Rae1 Rhg8 31. g3 Bd7 32. h4 Rg4 33. Kh2
Ke7 34. Rf3 Rf8 35. Rxf8 Kxf8 36. Kg2 Re4 37. Re3 Rxe3 38. fxe3 Kf7 39. Kf3 Kg6
40. g4 Kf6 41. e4 dxe4+ 42. Kxe4 Bc6+ 43. Kf4 b5 44. h5 Be8 45. g5+ Ke7 46. h6
Bg6 47. Ke5 Bd3 48. d5 exd5 49. Kxd5 Kf7 50. Ke5 a5 51. Kd4 Be2 52. Ke5 Kg6 53.
Ke6 a4 54. Ke7 Bc4 55. Kd6 Bg8 56. Kc5 Bc4 57. Kc6 Bd3 58. Kc5 Bc2 59. Kxb5
Kxg5 60. h7 Bxh7 61. Kxa4 Kf6 62. Kb4 Ke6 63. Kc5 Kd7 64. Kb6 Kc8 65. c4 Bc2
66. Kb5 Kc7 67. a4 Kb7 68. a5 Bd3 69. Kb4 Ka6 70. c5 Be4 71. Ka4 Bc6+ 72. Kb4
1/2-1/2

[Event "N4  E AUBOIS- TOUR DU ROI"]
[Site "?"]
[Date "2014.12.14"]
[Round "3"]
[White "Pytel, krzystof"]
[Black "Guyot, philippe"]
[Result "0-1"]
[WhiteElo "1973"]
[BlackElo "2311"]
[PlyCount "86"]
[EventDate "2014.??.??"]
[SourceDate "2014.12.14"]

1. d4 d6 2. Nf3 Bg4 3. e3 Nd7 4. Be2 e5 5. c4 Ngf6 6. Nc3 c6 7. O-O Be7 8. h3
Bh5 9. b3 O-O 10. Bb2 e4 11. Nd2 Bxe2 12. Nxe2 d5 13. Ng3 g6 14. c5 a5 15. a3
Qc7 16. Qc2 h5 17. Rfc1 h4 18. Ne2 Nh5 19. b4 f5 20. Nf1 g5 21. Nh2 Ndf6 22.
Rf1 g4 23. Rfe1 Kh8 24. Kh1 Rg8 25. Qd2 Bd8 26. Nf4 Nxf4 27. exf4 Qg7 28. Qe3
Bc7 29. Rg1 axb4 30. axb4 Rxa1 31. Bxa1 Qh6 32. g3 hxg3 33. fxg3 Qxh3 34. Bc3
Nh5 35. Rg2 Ra8 36. Kg1 Bxf4 37. Qf2 e3 38. Qf1 Ra3 39. gxf4 Rxc3 40. Qa1 Nxf4
41. Qa8+ Kh7 42. Qxb7+ Kg6 43. Qxc6+ Kg5 0-1

[Event "ENHM/Rethel"]
[Site "?"]
[Date "2014.12.14"]
[Round "3"]
[White "Moret, Florian"]
[Black "Vedovotto, Nicolas"]
[Result "1/2-1/2"]
[WhiteElo "1951"]
[BlackElo "2120"]
[PlyCount "70"]
[EventDate "2014.12.16"]
[SourceDate "2014.12.16"]

1. e4 Nc6 2. d4 e5 3. d5 Nce7 4. Nf3 Ng6 5. h4 h5 6. Bg5 Be7 7. Nc3 d6 8. Qd2
a6 9. g3 Nf6 10. Bg2 b5 11. Nh2 Bd7 12. Nd1 Nf8 13. Ne3 N8h7 14. Nf5 Bf8 15.
O-O-O Qc8 16. Qd3 g6 17. Ne3 Ng8 18. Nef1 Ne7 19. Bxe7 Bxe7 20. Ne3 Qb7 21.
Nhf1 Nf6 22. f4 Ng4 23. Nxg4 Bxg4 24. Re1 Bf6 25. Ne3 Bd7 26. Rhf1 b4 27. Rf2
a5 28. b3 Rf8 29. Nc4 Bb5 30. Bf1 a4 31. Nxd6+ cxd6 32. Qxb5+ Qxb5 33. Bxb5+
Ke7 34. Bxa4 exf4 35. Rxf4 Be5 1/2-1/2

[Event "ENHM/Rethel"]
[Site "?"]
[Date "2014.12.14"]
[Round "3"]
[White "Noizet, Donatien"]
[Black "Viard, Dominique"]
[Result "1/2-1/2"]
[WhiteElo "1958"]
[BlackElo "2005"]
[PlyCount "99"]
[EventDate "2014.12.16"]
[SourceDate "2014.12.16"]

1. e4 c6 2. d4 d5 3. exd5 cxd5 4. Nf3 Nc6 5. c3 Bg4 6. h3 Bh5 7. Bf4 Nf6 8.
Nbd2 e6 9. Bb5 Be7 10. Qa4 Qb6 11. Ne5 Rc8 12. Bg5 Nd7 13. Bxe7 Kxe7 14. Nxd7
Kxd7 15. Bxc6+ Rxc6 16. O-O Qa6 17. Qxa6 Rxa6 18. Nb3 Rc6 19. f4 b6 20. f5 f6
21. fxe6+ Rxe6 22. Rae1 Rhe8 23. Rxe6 Rxe6 24. Nc1 Bg6 25. Kf2 a5 26. Re1 Rxe1
27. Kxe1 Ke6 28. Kf2 Bb1 29. a3 Kf5 30. Ke3 Be4 31. g3 Bg2 32. h4 Kg4 33. Kf2
Be4 34. Ne2 g5 35. hxg5 fxg5 36. c4 dxc4 37. Nc3 Bc6 38. Nd1 b5 39. d5 Bd7 40.
a4 Kf5 41. axb5 Bxb5 42. Nc3 Bd7 43. Ke3 Ke5 44. d6 Bc6 45. Ne4 h6 46. Nd2 Kxd6
47. Nxc4+ Kc5 48. Nxa5 Bd5 49. b3 h5 50. Nc4 1/2-1/2

[Event "ENHM/Rethel"]
[Site "?"]
[Date "2014.12.14"]
[Round "2"]
[White "Robert-Dehault, Etienne"]
[Black "Barone, Laurent"]
[Result "1-0"]
[WhiteElo "1890"]
[BlackElo "1790"]
[PlyCount "71"]
[EventDate "2014.12.16"]
[SourceDate "2014.12.16"]

1. d4 Nf6 2. Nf3 d6 3. c4 g6 4. Nc3 Bg7 5. e4 O-O 6. Be2 e5 7. O-O Nc6 8. d5
Ne7 9. Nd2 Nd7 10. b4 f5 11. a4 Nf6 12. f3 a6 13. c5 Ne8 14. Nc4 f4 15. Ba3 g5
16. b5 Rf6 17. Rb1 h5 18. cxd6 Nxd6 19. Bxd6 cxd6 20. bxa6 bxa6 21. Nb6 Ra7 22.
Nxc8 Qxc8 23. Qd3 g4 24. Rfc1 Qd8 25. fxg4 Bh6 26. Rc2 f3 27. Bxf3 Ng6 28. Ne2
Nh4 29. Rcb2 Qd7 30. Rb8+ Kh7 31. h3 Qg7 32. Ng3 hxg4 33. Nh5 Rxf3 34. gxf3 Qg5
35. hxg4 Rc7 36. R8b7 1-0

[Event "ENHM/Rethel"]
[Site "?"]
[Date "2014.12.14"]
[Round "2"]
[White "Gerardin, David"]
[Black "Talbot, Remi"]
[Result "1-0"]
[WhiteElo "1758"]
[BlackElo "1770"]
[PlyCount "61"]
[EventDate "2014.12.16"]
[SourceDate "2014.12.16"]

1. e4 Nf6 2. e5 Nd5 3. d4 d6 4. exd6 exd6 5. c4 Nf6 6. Nf3 Bg4 7. h3 Bh5 8. Qb3
Qc8 9. Bg5 Be7 10. Bxf6 Bxf6 11. Qb5+ Nc6 12. Qxh5 Qe6+ 13. Kd2 Nxd4 14. Nc3
Nxf3+ 15. Qxf3 O-O 16. Bd3 Qe5 17. Qf5 Qxf5 18. Bxf5 Rad8 19. Kc2 Bxc3 20. Kxc3
Rb8 21. Bd3 Rfd8 22. Rad1 Kf8 23. Rhe1 b6 24. Re3 c5 25. Be2 a6 26. a4 g6 27.
Bf3 a5 28. Rde1 Rd7 29. Bc6 Rdd8 30. Re7 Rbc8 31. Bd5 1-0

[Event "ENHM/Rethel"]
[Site "?"]
[Date "2014.12.14"]
[Round "2"]
[White "Fister, Bernard"]
[Black "Lhoest, Alain"]
[Result "1/2-1/2"]
[WhiteElo "1395"]
[BlackElo "1625"]
[PlyCount "69"]
[EventDate "2014.12.16"]
[SourceDate "2014.12.16"]

1. f4 d5 2. Nf3 Nf6 3. b3 c5 4. e3 Nc6 5. Bb5 Bd7 6. Bb2 e6 7. Bxc6 Bxc6 8. Ne5
Bb5 9. Nc3 Ba6 10. d3 d4 11. exd4 Qxd4 12. Qf3 Nd5 13. Na4 Qxf4 14. Qxf4 Nxf4
15. O-O Ne2+ 16. Kh1 f6 17. Nf3 b5 18. Rae1 Nf4 19. g3 Kd7 20. Nxc5+ Bxc5 21.
gxf4 Rac8 22. c3 Bb7 23. c4 Bd6 24. Bc1 Bb4 25. Rd1 a6 26. a3 Bc3 27. b4 Bd4
28. c5 Rhf8 29. Kg2 e5 30. f5 g5 31. Kg3 Bxf3 32. Rxf3 h5 33. h3 Rg8 34. Rff1
Kc6 35. Rfe1 1/2-1/2